000 00191nam a2200097 4500
999 _c530034
_d530034
040 _cDLC
082 _a891.4393
_bUME
100 _aUmera Ahmed
_920888
245 _aLa Hasil
942 _2ddc
_cBK